| 000 | 00566nam a22002057a 4500 | ||
|---|---|---|---|
| 001 | 216219325 | ||
| 003 | UA-OsUOA | ||
| 005 | 20200923121717.0 | ||
| 008 | 200923b un ||||| |||| 00| 0 ukr d | ||
| 040 |
_aUA-OsUOA _bukr _cUA-OsUOA _dUA-OsUOA |
||
| 041 | _aukr | ||
| 080 | _a32:33(038) | ||
| 090 |
_a32:33(038) _bЗ-34 |
||
| 245 |
_aЗарубеные страны _bсправочник _cпод ред. А. И. Денисова |
||
| 260 |
_aМосква _bПолитиздат _c1954 |
||
| 300 | _a986 с. | ||
| 650 | _232 | ||
| 942 |
_2udc _cBK |
||
| 955 | _a7 | ||
| 999 |
_c463434 _d463434 |
||